<?xml version="1.0" encoding="UTF-8"?><?xml-stylesheet type="text/xsl" href="static/style.xsl"?><OAI-PMH xmlns="http://www.openarchives.org/OAI/2.0/" xmlns:xsi="http://www.w3.org/2001/XMLSchema-instance" xsi:schemaLocation="http://www.openarchives.org/OAI/2.0/ http://www.openarchives.org/OAI/2.0/OAI-PMH.xsd"><responseDate>2026-06-29T02:42:16Z</responseDate><request verb="GetRecord" identifier="oai:docta.ucm.es:20.500.14352/23225" metadataPrefix="marc">https://docta.ucm.es/rest/oai/request</request><GetRecord><record><header><identifier>oai:docta.ucm.es:20.500.14352/23225</identifier><datestamp>2024-09-10T15:55:49Z</datestamp><setSpec>com_20.500.14352_14</setSpec><setSpec>col_20.500.14352_15</setSpec></header><metadata><record xmlns="http://www.loc.gov/MARC21/slim" xmlns:dcterms="http://purl.org/dc/terms/" xmlns:xsi="http://www.w3.org/2001/XMLSchema-instance" xmlns:doc="http://www.lyncode.com/xoai" xsi:schemaLocation="http://www.loc.gov/MARC21/slim http://www.loc.gov/standards/marcxml/schema/MARC21slim.xsd">
   <leader>00925njm 22002777a 4500</leader>
   <datafield ind2=" " ind1=" " tag="042">
      <subfield code="a">dc</subfield>
   </datafield>
   <datafield ind2=" " ind1=" " tag="720">
      <subfield code="a">Gil De Paz, Armando</subfield>
      <subfield code="e">author</subfield>
   </datafield>
   <datafield ind2=" " ind1=" " tag="720">
      <subfield code="a">Gallego Maestro, Jesús</subfield>
      <subfield code="e">author</subfield>
   </datafield>
   <datafield ind2=" " ind1=" " tag="260">
      <subfield code="c">2016</subfield>
   </datafield>
   <datafield ind2=" " ind1=" " tag="520">
      <subfield code="a">MEGARA (Multi-Espectrografo en GTC de Alta ResoluciOn para AstronomIa) is an optical Integral-Field Unit and Multi-Object Spectrograph designed for the GTC (Gran Telescopio de Canarias) 10.4m telescope in La Palma, it is expected that the spectrograph will be delivered to GTC towards the end of 2016. MEGARA includes an open cycle cryostat which harbors the scientific CCD of the instrument at an operating temperature of 153 K, this cryogenic system has been designed and integrated by the "Astronomical Instrumentation Lab for Millimeter Wavelengths" at the Instituto Nacional de Astrofsica, Optica y Electronica (INAOE) in Mexico. Early this year the cryostat has finished its fabrication and now it is on AIV phases, in this paper we report the cryostat CCD-head and dewar back integration, vacuum and cryogenic test results are also reported. The final integration of the cryostat with the other components of the instrument is taking place at LICA lab at the Universidad Complutense de Madrid.</subfield>
   </datafield>
   <datafield ind1="8" ind2=" " tag="024">
      <subfield code="a">0277-786X</subfield>
   </datafield>
   <datafield ind1="8" ind2=" " tag="024">
      <subfield code="a">10.1117/12.2231797</subfield>
   </datafield>
   <datafield ind1="8" ind2=" " tag="024">
      <subfield code="a">https://hdl.handle.net/20.500.14352/23225</subfield>
   </datafield>
   <datafield ind1="8" ind2=" " tag="024">
      <subfield code="a">http://dx.doi.org/10.1117/12.2231797</subfield>
   </datafield>
   <datafield ind1="8" ind2=" " tag="024">
      <subfield code="a">http://proceedings.spiedigitallibrary.org/</subfield>
   </datafield>
   <datafield ind2="0" ind1="0" tag="245">
      <subfield code="a">Integration and characterization of the cryogenic system of MEGARA</subfield>
   </datafield>
</record></metadata></record></GetRecord></OAI-PMH>